Library of the University of Algiers 3
Ibrahim Sultan Cheibout
شعار جامعة الجزائر 3
مكتبة جامعة الجزائر 3
إبراهيم سلطان شيبوط

الفقر والازمة الاقتصادية / (رقم التسجيلة. 42895)

تفاصيل مارك
000 -LEADER
fixed length control field 01182nam a2200265Ia 4500
003 - CONTROL NUMBER IDENTIFIER
control field Ost
005 - DATE AND TIME OF LATEST TRANSACTION
control field 20260507075110.0
008 - FIXED-LENGTH DATA ELEMENTS--GENERAL INFORMATION
fixed length control field 260507s9999||||xx |||||||||||||| ||und||
020 ## - INTERNATIONAL STANDARD BOOK NUMBER
International Standard Book Number 920279977
040 ## - CATALOGING SOURCE
Transcribing agency fsecg
041 ## - LANGUAGE CODE
Language code of text/sound track or separate title ara
082 ## - DEWEY DECIMAL CLASSIFICATION NUMBER
Classification number 330
100 ## - MAIN ENTRY--PERSONAL NAME
Personal name اسماعيل، سراج الدين
Relator term مؤلف
245 #0 - TITLE STATEMENT
Title الفقر والازمة الاقتصادية /
Statement of responsibility, etc. سراج الدين اسماعيل
260 ## - PUBLICATION, DISTRIBUTION, ETC.
Place of publication, distribution, etc. القاهرة:
Name of publisher, distributor, etc. دار الامين للطباعة والنشر والتوزيع,
Date of publication, distribution, etc. 1997
300 ## - PHYSICAL DESCRIPTION
Extent 191 صفحة؛
Other physical details جداول
Dimensions 21 سم
490 ## - SERIES STATEMENT
Series statement سلسلة كتيبات مركز ابن خلدون للدراسات الانمائية 4
520 ## - SUMMARY, ETC.
Summary, etc. يعالج الكتاب أربع مسائل تتطرق للفقر و أهمها مشكلة الفقر، الفقراء و الازمات الاقتصادية، مسائل جوهرية في الممارسة، و أخيرا الفقر المدقع.
653 ## - INDEX TERM--UNCONTROLLED
Uncontrolled term أحوال اقتصادية
653 ## - INDEX TERM--UNCONTROLLED
Uncontrolled term الأزمات الاقتصادية
653 ## - INDEX TERM--UNCONTROLLED
Uncontrolled term الدول النامية
653 ## - INDEX TERM--UNCONTROLLED
Uncontrolled term الفقر
700 ## - ADDED ENTRY--PERSONAL NAME
Personal name محسن، يوسف
Relator term مؤلف ثانوي
942 ## - ADDED ENTRY ELEMENTS (KOHA)
Koha item type كتب
المقتنيات
Withdrawn status Lost status Source of classification or shelving scheme Damaged status Not for loan Home library Current library Date acquired Serial enumeration / chronology Inventory number Total checkouts Full call number Barcode Date last seen Price effective from Koha item type
    Dewey Decimal Classification   NOT LOAN / إعارة داخلية مكتبة كلية العلوم الإقتصادية والعلوم التجارية وعلوم التسيير مكتبة كلية العلوم الإقتصادية والعلوم التجارية وعلوم التسيير 07/05/2026 الطابق الأرضي 1498/1   أ/1498ن1 1498/1 07/05/2026 07/05/2026 كتب

موارد الويب المفتوحة


© University of Algiers 3 All Rights Reserved
|
Implemented by LECHELAH Riad